000
00328nam a22001457a 4500
008
210607b ||||| |||| 00| 0 eng d
020
_a
2900324598277
041
_a
eng
080
_2
3rd
_a
311
082
_a
311
100
_a
55
101
_a
STA
245
_a
Modern Business Statistics
_c
David R. Anderson
942
_2
udc
_c
BK
999
_c
57986
_d
57986